000
00196 a2200097 4500
001
2365
100
_a
Conradis, H
245
_a
Design for flight
260
_a
_b
Macdonald
_c
090
_c
1718
_d
1718
942
_a
NUST-CAE
_c
M
_c
7980
999
_c
237438
_d
237438